Critical evaluation of project financing in India by financial institutions, procedures, strategies and appraisal (Record no. 125306)
[ view plain ]
| 000 -LEADER | |
|---|---|
| fixed length control field | 00395nam a2200133Ia 4500 |
| 008 - FIXED-LENGTH DATA ELEMENTS--GENERAL INFORMATION | |
| fixed length control field | 230917s9999||||xx |||||||||||||| ||und|| |
| 040 ## - CATALOGING SOURCE | |
| -- | 169263 |
| Original cataloging agency | VIVEKANANDA LIBRARY |
| 041 ## - Language | |
| -- | English |
| 082 ## - DDC NUMBER | |
| Classification number | 332.10954 A35C |
| 100 ## - MAIN ENTRY--PERSONAL NAME | |
| Personal name | Ashish Kumar |
| 245 #0 - TITLE STATEMENT | |
| Title | Critical evaluation of project financing in India by financial institutions, procedures, strategies and appraisal |
| 300 ## - PHYSICAL DESCRIPTION | |
| Pages | 294 p. |
| 942 ## - ADDED ENTRY ELEMENTS (KOHA) | |
| Koha item type | Thesis |
| Withdrawn status | Lost status | Damaged status | Not for loan | Location (home branch) | Sublocation or collection (holding branch) | Date acquired | Koha issues (times borrowed) | Koha full call number | Accession No. | Koha date last seen | Koha item type |
|---|---|---|---|---|---|---|---|---|---|---|---|
| VIVEKANANDA LIBRARY | VIVEKANANDA LIBRARY | 25/11/2010 | 332.10954 A35C | 221237 | 17/09/2023 | Thesis |
